MARC

LEADER 00000nam0a2200000 4500
001 36031
005 20231101210338.0
010 |a 5060017354 
035 |a (RuTPU)RU\TPU\book\36492 
035 |a BOOK00003144 
090 |a 36031 
100 |a 20011210d1991 m y0rusy50 ca 
101 0 |a rus 
102 |a RU 
105 |a a j 000zy 
200 1 |a Основы химической технологии  |e учебник  |f под ред. И. П. Мухленова 
205 |a 4-е изд., перераб. и доп. 
210 |a Москва  |c Высшая школа  |d 1991 
215 |a 462 с.  |c ил. 
606 1 |a Химическая технология  |x Общие вопросы  |2 stltpush  |3 (RuTPU)RU\TPU\subj\68259  |9 83693 
610 1 |a химические процессы 
610 1 |a химические реакторы 
610 1 |a синтез 
610 1 |a анализ 
610 1 |a оптимизация 
610 1 |a расчеты 
610 1 |a надежность 
610 1 |a учебники 
675 |a 66(075.8)  |v 3 
702 1 |a Мухленов  |b И. П.  |g Иван Петрович  |4 340 
801 0 |a RU  |b 63413507  |c 20011210  |g PSBO 
801 2 |a RU  |b 63413507  |c 20201021  |g PSBO 
900 |a Общая химическая технология 
900 |a Процессы и аппараты химической технологии 
900 |a Специальные главы теоретических основ химической технологии 
942 |c BK